[Event "Match de la Francophonie"]
[Site "Cannes"]
[Date "2010.??.??"]
[Round "?"]
[White "Giroyan, Gary"]
[Black "Van Hoolandt, Patrick"]
[Result "1-0"]
[WhiteElo "2176"]
[BlackElo "2211"]
[PlyCount "109"]
[EventDate "2010.02.??"]
[EventType "team-match"]
[EventCountry "FRA"]

1. e4 e5 2. Nf3 Nc6 3. Bb5 Nf6 4. d3 d6 5. c3 g6 6. Bg5 Bg7 7. Nbd2 O-O 8. Nf1
h6 9. Bh4 Ne7 10. Ne3 c6 11. Ba4 Be6 12. Bc2 c5 13. O-O Qb6 14. d4 Qxb2 15. d5
Bc8 16. Nc4 Qxc3 17. Nxd6 Bg4 18. Bd3 b6 19. Rc1 Qa3 20. Nc4 Qa6 21. Ncxe5 Qb7
22. Bxf6 Bxf6 23. Nxg4 Bg7 24. Ne3 Rad8 25. Bb1 Rfe8 26. Qc2 h5 27. a4 Nc8 28.
Nc4 a6 29. Qb3 Bh6 30. Rcd1 b5 31. Na5 Qb6 32. Nc6 c4 33. Qb4 Bf8 34. Qd2 Rd7
35. e5 Qxc6 36. dxc6 Rxd2 37. Rxd2 c3 38. Rd7 Nb6 39. Rb7 Nxa4 40. Ba2 Rc8 41.
Bxf7+ Kh8 42. Bd5 Nc5 43. Ra7 b4 44. Ng5 Bg7 45. Nf7+ Kh7 46. Nd6 b3 47. Bxb3
Rxc6 48. Bc2 Ne6 49. Ne8 Kh6 50. Nxg7 Nd4 51. Be4 Rc5 52. e6 c2 53. Bxc2 Rxc2
54. e7 Nc6 55. e8=Q 1-0

[Event "Match de la Francophonie"]
[Site "Cannes"]
[Date "2010.??.??"]
[Round "?"]
[White "Muller, Anne"]
[Black "Zoubeir, Amdouni"]
[Result "0-1"]
[WhiteElo "2196"]
[BlackElo "2243"]
[PlyCount "94"]
[EventDate "2010.02.??"]
[EventType "team-match"]
[EventCountry "FRA"]

1. e4 c5 2. Nf3 Nc6 3. d4 cxd4 4. Nxd4 Nf6 5. Nc3 e5 6. Ndb5 d6 7. Bg5 a6 8.
Na3 b5 9. Nd5 Be7 10. Bxf6 Bxf6 11. c3 Bg5 12. Nc2 O-O 13. a4 bxa4 14. Rxa4 a5
15. Bc4 Be6 16. O-O Rb8 17. b3 Kh8 18. Nce3 Bxe3 19. Nxe3 Ne7 20. b4 axb4 21.
cxb4 Nc6 22. Qd2 Nd4 23. f4 Qb6 24. Kh1 Bxc4 25. Nxc4 Qb5 26. Qa2 Rbc8 27. Rc1
exf4 28. Ra3 Qxb4 29. Ra4 Qb3 30. Qxb3 Nxb3 31. Rd1 Nc5 32. Rb4 Nxe4 33. Kg1
Rcd8 34. Nb6 f5 35. Nd5 g5 36. h4 h6 37. hxg5 hxg5 38. Rb7 Rb8 39. Rdb1 Rxb7
40. Rxb7 Ra8 41. Kf1 Ra1+ 42. Ke2 Ra2+ 43. Kf1 Rf2+ 44. Ke1 Rxg2 45. Ne7 f3 46.
Nxf5 f2+ 47. Ke2 f1=Q+ 0-1

[Event "Match de la Francophonie"]
[Site "Cannes"]
[Date "2010.??.??"]
[Round "?"]
[White "Congiu, Mathilde"]
[Black "Saint Amand, Paul"]
[Result "1-0"]
[WhiteElo "2149"]
[BlackElo "2131"]
[PlyCount "99"]
[EventDate "2010.02.??"]
[EventType "team-match"]
[EventCountry "FRA"]

1. e4 c5 2. c3 d5 3. exd5 Qxd5 4. d4 Nf6 5. Nf3 e6 6. Be3 cxd4 7. cxd4 Nc6 8.
Nc3 Qd6 9. a3 Be7 10. Bd3 O-O 11. O-O b6 12. Qe2 Bb7 13. Rad1 Rad8 14. Bb1 Rfe8
15. Rfe1 g6 16. h4 Qb8 17. Bh6 Ng4 18. Be3 Bf8 19. Ne4 Nxe3 20. fxe3 Bg7 21.
Rf1 Ne7 22. Nfg5 Nf5 23. h5 h6 24. Nf3 Bxe4 25. Bxe4 Ng3 26. Qc2 Nxf1 27. Rxf1
gxh5 28. Qf2 Qd6 29. Ne5 f5 30. Qg3 Rf8 31. Bb1 Rf6 32. Qf3 Rc8 33. Qxh5 Qe7
34. Qh4 Qe8 35. e4 fxe4 36. Rxf6 Bxf6 37. Qg4+ Bg7 38. Bxe4 Rc1+ 39. Kh2 Qe7
40. Bd3 Qf6 41. Qe4 Qf5 42. Qa8+ Qf8 43. Qc6 Qf5 44. Qa8+ Qf8 45. Qe4 Bxe5+ 46.
dxe5 Qf5 47. Qa8+ Qf8 48. Qe4 Qf7 49. Qg4+ Kf8 50. Bg6 1-0

[Event "Match de la Francophonie"]
[Site "Cannes"]
[Date "2010.??.??"]
[Round "?"]
[White "Giroyan, Gary"]
[Black "Zoubeir, Amdouni"]
[Result "0-1"]
[WhiteElo "2176"]
[BlackElo "2243"]
[PlyCount "88"]
[EventDate "2010.02.??"]
[EventType "team-match"]
[EventCountry "FRA"]

1. e4 b6 2. d4 Bb7 3. Bd3 e6 4. Nf3 c5 5. Nc3 cxd4 6. Nxd4 Nc6 7. Nxc6 Bxc6 8.
Be3 Bc5 9. Bxc5 bxc5 10. O-O Rb8 11. b3 Qf6 12. Qd2 Ne7 13. Rae1 Ng6 14. f4
Qd4+ 15. Kh1 O-O 16. Ne2 Qb4 17. c3 Qb7 18. Ng3 f6 19. Bb1 Qc7 20. Qe3 Bb7 21.
f5 Ne5 22. Nh5 exf5 23. Qg3 d6 24. Rxf5 Kh8 25. Rff1 c4 26. Nf4 Qf7 27. b4 a5
28. b5 a4 29. Bc2 a3 30. Ne2 Bc8 31. Nd4 Bd7 32. Rb1 Rb6 33. Rb4 Rfb8 34. Rfb1
Qe8 35. Ra4 Bxb5 36. Rxa3 Ba4 37. Re1 Bxc2 38. Nxc2 Nd3 39. Rf1 Rb1 40. Qf3
Qxe4 41. Kg1 Rxf1+ 42. Qxf1 Rb2 43. h3 Rxc2 44. Qf5 Qxg2# 0-1

[Event "Match de la Francophonie"]
[Site "Cannes"]
[Date "2010.??.??"]
[Round "?"]
[White "Lamard, Guillaume"]
[Black "Saint Amand, Paul"]
[Result "1-0"]
[WhiteElo "2126"]
[BlackElo "2131"]
[PlyCount "48"]
[EventDate "2010.02.??"]
[EventType "team-match"]
[EventCountry "FRA"]

1. d4 Nf6 2. c4 e5 3. dxe5 Ng4 4. Bf4 Nc6 5. Nf3 Bb4+ 6. Nbd2 Qe7 7. a3 Ngxe5
8. Nxe5 Nxe5 9. e3 Bxd2+ 10. Qxd2 d6 11. Be2 O-O 12. O-O b6 13. b4 Bb7 14. Rac1
Rfd8 15. Qb2 Ng6 16. Bg3 Nh4 17. Bxh4 Qxh4 18. Rfd1 Qg5 19. Bf1 Qe5 20. Qd4
Qxd4 21. Rxd4 Re8 22. c5 bxc5 23. bxc5 Re4 24. c6 Rxd4 1-0

[Event "Match de la Francophonie"]
[Site "Cannes"]
[Date "2010.??.??"]
[Round "?"]
[White "Congiu, Mathilde"]
[Black "Van Hoolandt, Patrick"]
[Result "1-0"]
[WhiteElo "2149"]
[BlackElo "2211"]
[PlyCount "85"]
[EventDate "2010.02.??"]
[EventType "team-match"]
[EventCountry "FRA"]

1. e4 e5 2. Nf3 Nc6 3. Bc4 Bc5 4. b4 Bb6 5. a4 a6 6. Nc3 Nf6 7. O-O d6 8. a5
Ba7 9. b5 axb5 10. Bxb5 Bd7 11. d3 Nd4 12. Bxd7+ Qxd7 13. Rb1 O-O 14. Bg5 Ne8
15. Nd5 f6 16. Bd2 c6 17. Nb6 Bxb6 18. Rxb6 Ne6 19. Qb1 Nd8 20. Qa2+ Qf7 21. c4
Nc7 22. Rfb1 Na6 23. Qa3 Qd7 24. Be3 Re8 25. Nh4 g6 26. Qb3 Qf7 27. Qd1 Re7 28.
R6b2 Rd7 29. Bb6 Ne6 30. Qg4 Nec5 31. Qg3 Kh8 32. Qe3 Na4 33. Rd2 Nxb6 34. axb6
Nc5 35. d4 Ne6 36. d5 cxd5 37. cxd5 Nc5 38. Rc2 Qf8 39. Nf3 Ra6 40. Nd2 Rd8 41.
Nc4 Ra1 42. h3 Ra6 43. Kh2 1-0

[Event "Match de la Francophonie"]
[Site "Cannes"]
[Date "2010.??.??"]
[Round "?"]
[White "Zoubeir, Amdouni"]
[Black "Congiu, Mathilde"]
[Result "1-0"]
[WhiteElo "2243"]
[BlackElo "2149"]
[PlyCount "69"]
[EventDate "2010.02.??"]
[EventType "team-match"]
[EventCountry "FRA"]

1. e4 d5 2. exd5 Qxd5 3. Nc3 Qa5 4. d4 Nf6 5. Nf3 c6 6. Ne5 Bf5 7. g4 Be4 8. f3
Bd5 9. Bd2 Qb6 10. Qe2 Nbd7 11. g5 Qxd4 12. Nxd7 Nxd7 13. O-O-O e6 14. Be3 Qe5
15. f4 Qd6 16. Nxd5 cxd5 17. f5 Be7 18. fxe6 fxe6 19. Qf2 a6 20. Be2 Qe5 21.
Bh5+ g6 22. Bg4 Bxg5 23. Rhe1 Rf8 24. Qd2 Bf6 25. c3 Bh4 26. Re2 O-O-O 27. Bh6
Qf6 28. Rxe6 Qf2 29. Qxd5 Kb8 30. Be3 Qf7 31. Qd6+ Kc8 32. Re5 b6 33. Bxb6 Qf4+
34. Kb1 Qxe5 35. Qxe5 1-0

[Event "Match de la Francophonie"]
[Site "Cannes"]
[Date "2010.??.??"]
[Round "?"]
[White "Van Hoolandt, Patrick"]
[Black "Lamard, Guillaume"]
[Result "1/2-1/2"]
[WhiteElo "2211"]
[BlackElo "2126"]
[PlyCount "124"]
[EventDate "2010.02.??"]
[EventType "team-match"]
[EventCountry "FRA"]

1. d4 Nf6 2. c4 e6 3. Nf3 Bb4+ 4. Bd2 c5 5. Bxb4 cxb4 6. g3 O-O 7. Bg2 d6 8.
O-O Re8 9. a3 Nc6 10. Ne1 Qb6 11. e3 d5 12. Nd2 Qc7 13. Qb3 bxa3 14. bxa3 Na5
15. Qb4 Nxc4 16. Nxc4 Qxc4 17. Qxc4 dxc4 18. Rc1 Bd7 19. Bxb7 Rab8 20. Ba6 Rb3
21. Bxc4 Rxa3 22. Nd3 Rc8 23. Nc5 Rc7 24. Rb1 g6 25. Rfc1 Kg7 26. Bb3 Rc6 27.
Bd1 Rb6 28. Ra1 Rxa1 29. Rxa1 Bc6 30. f3 Nd5 31. e4 Nc3 32. Rc1 Nb5 33. Nb3 Nd6
34. Kf2 Ba4 35. Rc3 Nb5 36. Rd3 Bxb3 37. Rxb3 Nxd4 38. Ra3 Nc6 39. Ke3 Rb2 40.
Be2 a5 41. Rc3 Nb4 42. h4 a4 43. Bd1 Ra2 44. Rc4 Ra3+ 45. Kd2 Nd3 46. Rxa4 Rxa4
47. Bxa4 Ne5 48. Ke3 f5 49. exf5 gxf5 50. Bb3 Kf6 51. Kf4 Nd3+ 52. Ke3 Nc5 53.
Bc2 e5 54. Bb1 h6 55. Bc2 Ne6 56. Bd3 f4+ 57. Kf2 Nd4 58. g4 Ne6 59. Be4 Nf8
60. Kg2 Nd7 61. Kf2 Nc5 62. Bc2 Ne6 1/2-1/2

[Event "Match de la Francophonie"]
[Site "Cannes"]
[Date "2010.??.??"]
[Round "?"]
[White "Saint Amand, Paul"]
[Black "Muller, Anne"]
[Result "1-0"]
[WhiteElo "2131"]
[BlackElo "2196"]
[PlyCount "119"]
[EventDate "2010.02.??"]
[EventType "team-match"]
[EventCountry "FRA"]

1. e4 c5 2. c3 d5 3. exd5 Qxd5 4. d4 Nf6 5. Nf3 e6 6. Be3 cxd4 7. cxd4 Bb4+ 8.
Nc3 O-O 9. Bd3 Bd7 10. O-O Bxc3 11. bxc3 Bb5 12. Rb1 Bxd3 13. Qxd3 b6 14. c4
Qd6 15. Ne5 Nc6 16. Nxc6 Qxc6 17. f3 Rac8 18. Rbc1 h6 19. Rfd1 Rfd8 20. Bf2 Rd7
21. Qd2 Qa4 22. Qc2 Qxc2 23. Rxc2 Rdc7 24. Rdc1 Kf8 25. Kf1 Ke7 26. Ke2 Nd5 27.
Bg3 Rc6 28. c5 Kd7 29. a3 h5 30. Bd6 f6 31. Kd3 g6 32. g3 bxc5 33. Bxc5 Ra6 34.
Rb1 Rc7 35. Rb8 Nb6 36. Rg8 Rc6 37. Rxg6 Nd5 38. Rg7+ Kd8 39. Rb2 Nb6 40. Rh7
e5 41. Rh8+ Kd7 42. Rxh5 exd4 43. Re2 Rc8 44. Kxd4 Na4 45. Re7+ Kc6 46. Bb4
Rd8+ 47. Kc4 Nb6+ 48. Kb3 Nd5 49. Re6+ Kb5 50. Rxa6 Kxa6 51. Rh7 Kb6 52. Rf7
Re8 53. Kc4 Ne3+ 54. Kd4 Nc2+ 55. Kc3 Nxb4 56. Kxb4 a5+ 57. Kc4 Re3 58. Rxf6+
Kc7 59. a4 Ra3 60. Kb5 1-0

[Event "Match de la Francophonie"]
[Site "Cannes"]
[Date "2010.??.??"]
[Round "?"]
[White "Lamard, Guillaume"]
[Black "Zoubeir, Amdouni"]
[Result "0-1"]
[WhiteElo "2126"]
[BlackElo "2243"]
[PlyCount "74"]
[EventDate "2010.02.??"]
[EventType "team-match"]
[EventCountry "FRA"]

1. d4 b5 2. e4 Bb7 3. Bd3 Nf6 4. Qe2 c5 5. c3 a6 6. Nf3 e6 7. O-O Be7 8. Bg5 d6
9. Nbd2 Nbd7 10. Rfe1 e5 11. Nf1 h6 12. Bc1 g6 13. dxe5 dxe5 14. a4 c4 15. Bc2
Qc7 16. Ne3 Bd6 17. Nd5 Nxd5 18. exd5 Qc5 19. Bf4 O-O-O 20. Be3 Qxd5 21. axb5
axb5 22. Red1 Qc6 23. b3 Bc5 24. Bxc5 Qxc5 25. Be4 f5 26. Bxb7+ Kxb7 27. bxc4
Qxc4 28. Qe3 Nb6 29. Nxe5 Qe4 30. Qc5 Rxd1+ 31. Rxd1 Re8 32. Qxb5 Rxe5 33. Rd7+
Kc8 34. Rd8+ Kxd8 35. Qxb6+ Kd7 36. Qa7+ Ke6 37. Qb6+ Kf7 0-1

[Event "Match de la Francophonie"]
[Site "Cannes"]
[Date "2010.??.??"]
[Round "?"]
[White "Muller, Anne"]
[Black "Van Hoolandt, Patrick"]
[Result "1/2-1/2"]
[WhiteElo "2196"]
[BlackElo "2211"]
[PlyCount "87"]
[EventDate "2010.02.??"]
[EventType "team-match"]
[EventCountry "FRA"]

1. e4 e5 2. Nf3 Nc6 3. Bb5 Nf6 4. Qe2 Bc5 5. c3 O-O 6. d3 Re8 7. Bg5 h6 8. Bh4
Be7 9. O-O Nh7 10. Bxe7 Qxe7 11. Nbd2 d6 12. h3 Bd7 13. Qd1 Nf8 14. d4 Nxd4 15.
Nxd4 exd4 16. Bxd7 Qxd7 17. cxd4 Qb5 18. Qc2 c6 19. Rfe1 Ne6 20. Nf3 Rad8 21.
Rad1 d5 22. e5 b6 23. b3 c5 24. Qf5 Qb4 25. Qg4 a5 26. Re3 a4 27. dxc5 Qxg4 28.
hxg4 bxc5 29. Red3 axb3 30. axb3 Nf4 31. R3d2 d4 32. g3 Nd5 33. Ra1 Rb8 34. Ra5
Nc3 35. Rc2 Rec8 36. Nd2 Ra8 37. Kg2 Kf8 38. f4 Ke7 39. Kf3 Ke6 40. Ne4 Kd5 41.
Nxc3+ dxc3 42. Rxc3 Kd4 43. Rc4+ Kd5 44. Re4 1/2-1/2

[Event "Match de la Francophonie"]
[Site "Cannes"]
[Date "2010.??.??"]
[Round "?"]
[White "Giroyan, Gary"]
[Black "Saint Amand, Paul"]
[Result "1-0"]
[WhiteElo "2176"]
[BlackElo "2131"]
[PlyCount "53"]
[EventDate "2010.02.??"]
[EventType "team-match"]
[EventCountry "FRA"]

1. e4 c5 2. Nf3 d6 3. d4 cxd4 4. Nxd4 Nf6 5. Nc3 a6 6. Bc4 e6 7. Bb3 b5 8. Qf3
Bb7 9. Bg5 b4 10. Nd5 exd5 11. exd5 Be7 12. Nf5 O-O 13. O-O Nbd7 14. Qg3 Ne4
15. Nxe7+ Qxe7 16. Bxe7 Nxg3 17. hxg3 Rfe8 18. Bxd6 Nf6 19. Rad1 a5 20. a4 Ne4
21. Bc7 Nc5 22. d6 Bc6 23. Bd5 Bxd5 24. Rxd5 Nd7 25. Rxa5 Rxa5 26. Bxa5 Ra8 27.
Re1 1-0

[Event "Match de la Francophonie"]
[Site "Cannes"]
[Date "2010.??.??"]
[Round "?"]
[White "Saint Amand, Paul"]
[Black "Congiu, Mathilde"]
[Result "0-1"]
[WhiteElo "2131"]
[BlackElo "2149"]
[PlyCount "36"]
[EventDate "2010.02.??"]
[EventType "team-match"]
[EventCountry "FRA"]

1. e4 d5 2. exd5 Qxd5 3. d4 Nc6 4. Nf3 Bg4 5. Be2 O-O-O 6. Nc3 Qa5 7. Be3 Nf6
8. O-O e5 9. d5 Nxd5 10. Nxd5 Rxd5 11. Qc1 Bc5 12. c3 Qb6 13. Bxc5 Qxc5 14. Qg5
Be6 15. Qxg7 Rhd8 16. Rad1 e4 17. Ng5 Rxg5 18. Rxd8+ Nxd8 0-1

[Event "Match de la Francophonie"]
[Site "Cannes"]
[Date "2010.??.??"]
[Round "?"]
[White "Van Hoolandt, Patrick"]
[Black "Giroyan, Gary"]
[Result "1-0"]
[WhiteElo "2211"]
[BlackElo "2176"]
[PlyCount "49"]
[EventDate "2010.02.??"]
[EventType "team-match"]
[EventCountry "FRA"]

1. d4 Nf6 2. c4 g6 3. Nc3 d5 4. cxd5 Nxd5 5. Bd2 Bg7 6. e4 Nb6 7. Be3 O-O 8.
Bb5 a6 9. Be2 f5 10. exf5 Bxf5 11. Nf3 Nc6 12. O-O Qd6 13. Qd2 Rad8 14. Rfd1
Qd7 15. Bh6 Nxd4 16. Nxd4 Qxd4 17. Qxd4 Rxd4 18. Rxd4 Bxd4 19. Rd1 c5 20. Bf3
Nc4 21. Ne2 e5 22. Bxb7 Nxb2 23. Rd2 Nc4 24. Rd1 a5 25. Bd5+ 1-0

[Event "Open de Brest"]
[Site "Brest"]
[Date "2009.04.11"]
[Round "1.1"]
[White "Burel, Iwan"]
[Black "Todoran, Ion George"]
[Result "0-1"]
[WhiteElo "1646"]
[BlackElo "2195"]
[PlyCount "118"]
[EventDate "2009.04.15"]
[EventType "swiss"]
[EventRounds "7"]
[EventCountry "FRA"]

1. e4 c5 2. Nf3 d6 3. d4 cxd4 4. Nxd4 Nf6 5. Nc3 g6 6. Be2 Bg7 7. Be3 Nc6 8.
O-O O-O 9. Qd2 d5 10. exd5 Nxd5 11. Nxd5 Nxd4 12. Bc4 Be6 13. Bxd4 Bxd5 14.
Bxd5 Qxd5 15. Rfd1 Rfd8 16. c3 Bxd4 17. Qxd4 Qxd4 18. Rxd4 Rxd4 19. cxd4 Rc8
20. Rb1 Rc2 21. Kf1 Kf8 22. Ke1 Ke8 23. a3 Kd7 24. b4 Rc3 25. Ra1 Rd3 26. Ke2
Rxd4 27. Rc1 Rd6 28. Rc3 Re6+ 29. Kd2 Rc6 30. Rf3 f6 31. Rh3 h5 32. Rg3 g5 33.
h3 e5 34. Re3 Kd6 35. g4 h4 36. f3 Rc4 37. Re4 Rd4+ 38. Kc2 f5 39. Re3 f4 40.
Rc3 e4 41. fxe4 Rxe4 42. Kd2 b6 43. Rc8 Re5 44. Ra8 Kd5 45. Rxa7 Re3 46. Rg7
Rxh3 47. Rxg5+ Ke4 48. Rh5 Rh2+ 49. Ke1 f3 50. Rh8 Ke3 51. Re8+ Kf4 52. Rf8+
Kg3 53. g5 Re2+ 54. Kd1 Re5 55. g6 Rg5 56. Rf6 Kg2 57. Rxb6 f2 58. Rf6 h3 59.
Ke2 Re5+ 0-1

[Event "Open de Brest"]
[Site "Brest"]
[Date "2009.04.11"]
[Round "1.2"]
[White "Serralta, Michel"]
[Black "Liauzu, Serge"]
[Result "1-0"]
[WhiteElo "2125"]
[BlackElo "1673"]
[PlyCount "53"]
[EventDate "2009.04.15"]
[EventType "swiss"]
[EventRounds "7"]
[EventCountry "FRA"]

1. d4 d5 2. c4 c6 3. Nf3 Nf6 4. Nc3 e6 5. Bg5 Nbd7 6. e3 Qa5 7. cxd5 Nxd5 8.
Qd2 Bb4 9. Rc1 N7b6 10. Bd3 Na4 11. O-O Naxc3 12. bxc3 Nxc3 13. a3 Qxa3 14. Ra1
Qb3 15. Bc2 Qd5 16. Rfb1 c5 17. Rb3 Ne4 18. Bxe4 Qxb3 19. Qe2 Bc3 20. Rd1 c4
21. Rb1 Qa4 22. Bf4 O-O 23. Bc2 Qc6 24. Bxh7+ Kh8 25. Ne5 Qe8 26. Qh5 g6 27.
Bxg6+ 1-0

[Event "Open de Brest"]
[Site "Brest"]
[Date "2009.04.11"]
[Round "1.3"]
[White "Lecru, Louis"]
[Black "Baudin, Frederic"]
[Result "0-1"]
[WhiteElo "1640"]
[BlackElo "2089"]
[PlyCount "58"]
[EventDate "2009.04.15"]
[EventType "swiss"]
[EventRounds "7"]
[EventCountry "FRA"]

1. e4 c5 2. Nf3 d6 3. d4 cxd4 4. Qxd4 Nc6 5. Qa4 Bd7 6. Bb5 Nf6 7. Nc3 e6 8.
Bf4 a6 9. Bd3 b5 10. Qb3 Na5 11. Qa3 e5 12. Be3 Be7 13. Nd5 Nxd5 14. exd5 f5
15. Be2 O-O 16. O-O-O Qc7 17. Kb1 Rfc8 18. Rc1 Bf6 19. Bd2 Nc4 20. Bxc4 bxc4
21. Ba5 Qb7 22. Rcd1 Rab8 23. Bc3 Rc5 24. Rd2 Be8 25. Rhd1 Bf7 26. Ba5 Rxa5 27.
Qc3 Rb5 28. Qa3 Rxb2+ 29. Ka1 Rb1+ 0-1

[Event "Open de Brest"]
[Site "Brest"]
[Date "2009.04.11"]
[Round "1.4"]
[White "Le Marec, Simon"]
[Black "Weber, Loic"]
[Result "1-0"]
[WhiteElo "2063"]
[BlackElo "1640"]
[PlyCount "55"]
[EventDate "2009.04.15"]
[EventType "swiss"]
[EventRounds "7"]
[EventCountry "FRA"]

1. d4 Nf6 2. Nf3 g6 3. Bf4 Bg7 4. Nc3 d6 5. e4 Nbd7 6. Qd2 O-O 7. O-O-O c6 8.
Bd3 b5 9. Bh6 a5 10. Bxg7 Kxg7 11. e5 dxe5 12. dxe5 Nd5 13. Nxd5 cxd5 14. h4
Nc5 15. h5 Nxd3+ 16. cxd3 Bf5 17. Kb1 Qb6 18. e6 Qxe6 19. Ng5 Qf6 20. Nxh7 Qd4
21. Nxf8 Rxf8 22. hxg6 Bxg6 23. Qh6+ Kg8 24. Rh4 Qg7 25. Qe3 Qf6 26. Rdh1 Kg7
27. Rf4 Qg5 28. Rxf7+ 1-0

[Event "Open de Brest"]
[Site "Brest"]
[Date "2009.04.11"]
[Round "1.5"]
[White "Lescop, Etienne"]
[Black "Schmouchkovitch, Michel"]
[Result "0-1"]
[WhiteElo "1620"]
[BlackElo "1993"]
[PlyCount "100"]
[EventDate "2009.04.15"]
[EventType "swiss"]
[EventRounds "7"]
[EventCountry "FRA"]

1. e4 e6 2. d4 d5 3. exd5 exd5 4. Bd3 Bd6 5. Ne2 Nc6 6. c3 Qf6 7. O-O Nge7 8.
Ng3 h5 9. Qe2 Bg4 10. f3 Bd7 11. Qf2 O-O-O 12. Ne2 Bf5 13. Bxf5+ Qxf5 14. Be3
g5 15. Nd2 Ng6 16. Rac1 Rde8 17. Ng3 Qf6 18. Nde4 dxe4 19. Nxe4 Qf5 20. Nxg5
Rxe3 21. Qxe3 Bf4 22. Qe4 Qxe4 23. Nxe4 Bxc1 24. Rxc1 Nf4 25. Rd1 h4 26. Kf2 f5
27. Nc5 b6 28. Nd3 Nxd3+ 29. Rxd3 Re8 30. Re3 Kd7 31. Rxe8 Kxe8 32. Ke3 Ke7 33.
Kf4 Kf6 34. g3 hxg3 35. hxg3 Ne7 36. Ke3 Nd5+ 37. Kd3 Ke6 38. a3 b5 39. b3 c6
40. c4 Nb6 41. Kc3 a5 42. cxb5 cxb5 43. a4 b4+ 44. Kd3 Kd5 45. g4 f4 46. g5 Nd7
47. g6 Nf6 48. g7 Ng8 49. Ke2 Kxd4 50. Kd2 Nf6 0-1

[Event "Open de Brest"]
[Site "Brest"]
[Date "2009.04.11"]
[Round "1.6"]
[White "Tafforeau, Romain"]
[Black "Loth, Yves"]
[Result "1-0"]
[WhiteElo "1982"]
[BlackElo "1610"]
[PlyCount "67"]
[EventDate "2009.04.15"]
[EventType "swiss"]
[EventRounds "7"]
[EventCountry "FRA"]

1. d4 d5 2. c4 c6 3. Nf3 Nf6 4. Nc3 dxc4 5. a4 Bf5 6. e3 e6 7. Bxc4 Nbd7 8. O-O
Bb4 9. Qe2 O-O 10. Rd1 Qc7 11. e4 Bg4 12. e5 Nd5 13. Bd2 Be7 14. Rac1 Qb6 15.
Be3 Nxe3 16. Qxe3 Rad8 17. h3 Bh5 18. b3 a6 19. Re1 Bxf3 20. gxf3 c5 21. d5 h6
22. f4 exd5 23. Nxd5 Qg6+ 24. Kh2 Bh4 25. Rg1 Qh5 26. Rg4 Kh8 27. Rcg1 g6 28.
Be2 Rg8 29. Rg5 Bxf2 30. Qxf2 hxg5 31. Bxh5 gxh5 32. Rxg5 Kh7 33. Qh4 Rxg5 34.
Qxg5 1-0

[Event "Open de Brest"]
[Site "Brest"]
[Date "2009.04.11"]
[Round "1.7"]
[White "Lefeuvre, Thierry"]
[Black "Desbois, Antoine"]
[Result "0-1"]
[WhiteElo "1590"]
[BlackElo "1956"]
[PlyCount "58"]
[EventDate "2009.04.15"]
[EventType "swiss"]
[EventRounds "7"]
[EventCountry "FRA"]

1. d4 Nf6 2. c4 g6 3. Nc3 Bg7 4. e3 d6 5. Nf3 O-O 6. Bd2 Bf5 7. Qb3 Nc6 8. Na4
Rb8 9. Nh4 Bd7 10. Qc2 e5 11. d5 Ne7 12. e4 Nxe4 13. Qxe4 Bxa4 14. Be3 f5 15.
Qf3 e4 16. Qe2 Nxd5 17. cxd5 Qxh4 18. g3 Qf6 19. Bxa7 Ra8 20. Be3 Bb3 21. Qd2
Qxb2 22. Qxb2 Bxb2 23. Rb1 Bc3+ 24. Bd2 Bxd2+ 25. Kxd2 Rxa2+ 26. Ke3 Bxd5 27.
Rb5 Ra3+ 28. Kd4 Be6 29. Rxb7 c5# 0-1

[Event "Open de Brest"]
[Site "Brest"]
[Date "2009.04.11"]
[Round "1.8"]
[White "Pascal, Yann"]
[Black "Gac, Benjamin"]
[Result "0-1"]
[WhiteElo "1911"]
[BlackElo "1570"]
[PlyCount "78"]
[EventDate "2009.04.15"]
[EventType "swiss"]
[EventRounds "7"]
[EventCountry "FRA"]

1. e4 e6 2. d4 d5 3. exd5 exd5 4. Bd3 Bd6 5. c3 c6 6. Qf3 Nf6 7. h3 Be6 8. Bg5
Nbd7 9. Ne2 Qc7 10. O-O h6 11. Bf4 g5 12. Bxd6 Qxd6 13. Re1 O-O-O 14. Qg3 Qe7
15. Nd2 Nh5 16. Qf3 Ndf6 17. g4 Ng7 18. Ng3 h5 19. Nf5 Qf8 20. c4 Nxf5 21. Bxf5
hxg4 22. hxg4 Qh6 23. Bxe6+ fxe6 24. Rad1 Rdf8 25. Kf1 Ne4 26. Qg2 Rxf2+ 27.
Qxf2 Nxf2 28. Kxf2 Qh4+ 29. Ke3 dxc4 30. Nxc4 Qg3+ 31. Kd2 Rh2+ 32. Kc1 Qf2 33.
Nd2 Qxd4 34. Rxe6 Qb4 35. Re8+ Kc7 36. Re4 Qc5+ 37. Rc4 Qd5 38. Rc3 Qxa2 39.
Re1 Qa1+ 0-1

[Event "Open de Brest"]
[Site "Brest"]
[Date "2009.04.11"]
[Round "2.2"]
[White "Gasser, Edine"]
[Black "Serralta, Michel"]
[Result "0-1"]
[WhiteElo "1710"]
[BlackElo "2125"]
[PlyCount "102"]
[EventDate "2009.04.15"]
[EventType "swiss"]
[EventRounds "7"]
[EventCountry "FRA"]

1. e4 c5 2. Nf3 Nc6 3. d4 cxd4 4. Nxd4 Nf6 5. Nc3 d6 6. Bc4 Qb6 7. Nxc6 bxc6 8.
Bb3 e6 9. Qe2 Be7 10. Be3 Qa5 11. O-O-O O-O 12. f4 Ba6 13. Qf3 d5 14. f5 dxe4
15. Nxe4 exf5 16. Ng5 h6 17. Nxf7 Rxf7 18. Qxc6 Raf8 19. Qe6 Kh8 20. Rd4 Bb4
21. Rxb4 Qxb4 22. Qxa6 Re7 23. Bd2 Qb7 24. Qxb7 Rxb7 25. Rf1 Ne4 26. Bd5 Nxd2
27. Kxd2 Rd8 28. Rxf5 Rb5 29. c4 Rxb2+ 30. Kc3 Rxa2 31. c5 Ra1 32. c6 g6 33.
Re5 Kg7 34. Kb2 Ra5 35. c7 Rc8 36. Re7+ Kf6 37. Re6+ Kf5 38. g4+ Kf4 39. Re4+
Kg5 40. Re5+ Kh4 41. g5 hxg5 42. Re4+ Kh5 43. Rd4 Rxc7 44. Bf3+ Kh6 45. Rb4 Rf5
46. Rb3 Rcf7 47. Bg4 Rf2+ 48. Ka3 Rxh2 49. Rg3 a5 50. Bf3 Rxf3+ 51. Rxf3 g4 0-1

[Event "Open de Brest"]
[Site "Brest"]
[Date "2009.04.11"]
[Round "2.4"]
[White "Collin, Jean Philippe"]
[Black "Le Marec, Simon"]
[Result "1/2-1/2"]
[WhiteElo "1700"]
[BlackElo "2063"]
[PlyCount "180"]
[EventDate "2009.04.15"]
[EventType "swiss"]
[EventRounds "7"]
[EventCountry "FRA"]

1. d4 Nf6 2. c4 c5 3. d5 b5 4. b3 g6 5. Bb2 Bg7 6. Qc2 O-O 7. Nd2 Na6 8. a3
bxc4 9. bxc4 Rb8 10. Bc3 d6 11. e4 Bd7 12. Bd3 Qe8 13. Rb1 Rxb1+ 14. Qxb1 Qa8
15. Ne2 Ba4 16. O-O Ng4 17. Bxg7 Kxg7 18. Nc3 Bd7 19. Qc2 Nc7 20. h3 Nh6 21. f4
Qc8 22. f5 f6 23. Rf3 Nf7 24. fxg6 hxg6 25. Ne2 Rh8 26. Nf4 g5 27. Rg3 Ne5 28.
Be2 Qa6 29. Qc3 Kf7 30. Bh5+ Kg7 31. Be2 Kf8 32. Nd3 Ng6 33. Nf3 Kf7 34. e5
dxe5 35. Ndxe5+ fxe5 36. Nxe5+ Kg8 37. Nxd7 Nxd5 38. cxd5 Qxe2 39. Nxc5 Qd1+
40. Kh2 Qxd5 41. Qb3 Qxb3 42. Nxb3 Rh5 43. Nd4 Ne5 44. Ne6 Nf7 45. Rc3 Rh4 46.
Rc8+ Kh7 47. Nf8+ Kg7 48. Nd7 Ra4 49. Rc6 Ra5 50. Nb8 Ne5 51. Rc7 Kf6 52. Rc3
e6 53. Kg3 Ra4 54. Kf2 Kf5 55. Re3 Rc4 56. Na6 Rc2+ 57. Kg1 Ng6 58. Nb4 Rd2 59.
a4 Nf4 60. g4+ Kf6 61. a5 Rd1+ 62. Kf2 Ra1 63. Nc6 Ra2+ 64. Kf1 a6 65. Rb3 Nd5
66. Rf3+ Kg7 67. Nd4 Nf4 68. Nc6 Kf7 69. h4 Kg6 70. h5+ Kf6 71. Rb3 Nd5 72.
Rf3+ Kg7 73. Ke1 Rg2 74. Ne5 Nf6 75. Kf1 Rh2 76. Kg1 Rh4 77. Rb3 Nxg4 78. Rb7+
Kf6 79. Nd7+ Kf5 80. Rb6 Rxh5 81. Rxa6 Rh2 82. Rb6 Ra2 83. a6 Ne5 84. Rb5 Rxa6
85. Nxe5 Ra1+ 86. Kf2 Ra2+ 87. Kg3 Ra3+ 88. Nf3+ Kf6 89. Kg4 Ra4+ 90. Kg3 Ra3
1/2-1/2